[Event "Baku Chess Olympiad | Open"]
[Site "chess24.com"]
[Date "2016.09.12"]
[Round "10"]
[White "Ho, Hou-Meng, Herman"]
[Black "Chon, Yongjoon"]
[Result "0-1"]
[Board "3"]
[WhiteID "16300190"]
[WhiteElo "1908"]
[WhiteCountry "MAC"]
[WhiteFideId "16300190"]
[WhiteEloChange "-7"]
[BlackID "13202820"]
[BlackElo "2025"]
[BlackCountry "KOR"]
[BlackFideId "13202820"]
[BlackEloChange "7"]

1. f4 {[%clk 1:30:49]} Nf6 {[%clk 1:27:40]} 2. Nf3 {[%clk 1:31:09]} g6 {[%clk
1:27:44]} 3. b3 {[%clk 1:28:48]} Bg7 {[%clk 1:26:12]} 4. Bb2 {[%clk 1:29:11]} O-O
{[%clk 1:25:24]} 5. e3 {[%clk 1:26:33]} c5 {[%clk 1:24:38]} 6. Be2 {[%clk
1:17:54]} b6 {[%clk 1:15:30]} 7. O-O {[%clk 1:00:24]} Bb7 {[%clk 1:13:13]} 8. Na3
{[%clk 0:59:29]} d6 {[%clk 1:13:06]} 9. c4 {[%clk 0:58:47]} Nbd7 {[%clk 1:03:52]}
10. Qc2 {[%clk 0:53:51]} Rc8 {[%clk 1:01:47]} 11. Rac1 {[%clk 0:47:40]} a6 {[%clk
0:54:01]} 12. Qb1 {[%clk 0:47:58]} e6 {[%clk 0:47:17]} 13. Qa1 {[%clk 0:47:32]}
Qe7 {[%clk 0:45:14]} 14. Rfd1 {[%clk 0:40:25]} Rfd8 {[%clk 0:44:35]} 15. Nc2
{[%clk 0:38:24]} Qf8 {[%clk 0:38:03]} 16. Nce1 {[%clk 0:38:42]} d5 {[%clk
0:32:17]} 17. Nd3 {[%clk 0:36:41]} Ne4 {[%clk 0:29:22]} 18. Nde5 {[%clk 0:36:03]}
f6 {[%clk 0:27:27]} 19. Nxd7 {[%clk 0:24:02]} Rxd7 {[%clk 0:27:54]} 20. d3 {[%clk
0:23:43]} Nd6 {[%clk 0:28:09]} 21. Rf1 {[%clk 0:13:47]} Nf5 {[%clk 0:15:43]} 22.
Kf2 {[%clk 0:14:10]} e5 {[%clk 0:11:07]} 23. g4 {[%clk 0:12:54]} Nh6 {[%clk
0:10:08]} 24. h3 {[%clk 0:12:14]} exf4 {[%clk 0:10:25]} 25. exf4 {[%clk 0:11:16]}
d4 {[%clk 0:09:51]} 26. Rce1 {[%clk 0:09:33]} Qd6 {[%clk 0:08:20]} 27. Bc1 {[%clk
0:09:36]} Re8 {[%clk 0:08:09]} 28. Ng1 {[%clk 0:09:30]} Rde7 {[%clk 0:07:04]} 29.
Bf3 {[%clk 0:09:48]} Bxf3 {[%clk 0:06:39]} 30. Nxf3 {[%clk 0:10:12]} Nf7 {[%clk
0:06:13]} 31. Bd2 {[%clk 0:10:37]} Bh6 {[%clk 0:02:56]} 32. Qc1 {[%clk 0:10:59]}
Rxe1 {[%clk 0:02:52]} 33. Rxe1 {[%clk 0:11:24]} Rxe1 {[%clk 0:03:16]} 34. Kxe1
{[%clk 0:09:56]} Nd8 {[%clk 0:02:36]} 35. Kf2 {[%clk 0:06:33]} Ne6 {[%clk
0:01:19]} 36. g5 {[%clk 0:06:45]} Bg7 {[%clk 0:01:30]} 37. h4 {[%clk 0:07:03]} h6
{[%clk 0:00:48]} 38. Ke1 {[%clk 0:03:59]} hxg5 {[%clk 0:00:49]} 39. hxg5 {[%clk
0:04:23]} fxg5 {[%clk 0:01:09]} 40. Nxg5 {[%clk 0:34:41]} Nxg5 {[%clk 0:31:32]}
41. fxg5 {[%clk 0:35:04]} Qg3+ {[%clk 0:30:40]} 42. Ke2 {[%clk 0:31:24]} Qg4+
{[%clk 0:25:18]} 43. Kf2 {[%clk 0:28:23]} Be5 {[%clk 0:21:04]} 44. Qh1 {[%clk
0:11:44]} Bg3+ {[%clk 0:19:11]} 45. Kg2 {[%clk 0:11:26]} Bh4+ {[%clk 0:17:10]}
0-1

[Event "Baku Chess Olympiad | Open"]
[Site "chess24.com"]
[Date "2016.09.12"]
[Round "10"]
[White "Kim, Saebyeok"]
[Black "Ieong, Seak Hin"]
[Result "0-1"]
[Board "4"]
[WhiteID "13200518"]
[WhiteElo "1950"]
[WhiteCountry "KOR"]
[WhiteFideId "13200518"]
[WhiteEloChange "-13"]
[BlackID "15400344"]
[BlackElo "1841"]
[BlackCountry "MAC"]
[BlackFideId "15400344"]
[BlackEloChange "13"]

1. e4 {[%clk 1:30:58]} e5 {[%clk 1:30:55]} 2. Nf3 {[%clk 1:31:21]} Nc6 {[%clk
1:31:22]} 3. Bc4 {[%clk 1:30:35]} Nf6 {[%clk 1:31:47]} 4. d3 {[%clk 1:31:00]} Be7
{[%clk 1:32:14]} 5. O-O {[%clk 1:31:11]} O-O {[%clk 1:32:40]} 6. Bb3 {[%clk
1:31:35]} d6 {[%clk 1:33:03]} 7. c3 {[%clk 1:31:58]} Na5 {[%clk 1:33:24]} 8. Bc2
{[%clk 1:31:13]} c5 {[%clk 1:33:50]} 9. a3 {[%clk 1:29:56]} Nc6 {[%clk 1:34:01]}
10. b4 {[%clk 1:30:07]} Bg4 {[%clk 1:31:59]} 11. b5 {[%clk 1:29:59]} Nb8 {[%clk
1:32:22]} 12. c4 {[%clk 1:30:01]} a6 {[%clk 1:32:34]} 13. Nc3 {[%clk 1:28:02]}
axb5 {[%clk 1:31:43]} 14. cxb5 {[%clk 1:27:25]} Nbd7 {[%clk 1:29:28]} 15. Bb3
{[%clk 1:24:52]} h6 {[%clk 1:25:34]} 16. a4 {[%clk 1:23:09]} Re8 {[%clk 1:25:45]}
17. Bd2 {[%clk 1:21:16]} Nf8 {[%clk 1:24:05]} 18. Nd5 {[%clk 1:09:44]} Be6 {[%clk
1:21:22]} 19. a5 {[%clk 1:03:54]} Nxd5 {[%clk 1:20:43]} 20. exd5 {[%clk 1:04:12]}
Bg4 {[%clk 1:20:37]} 21. h3 {[%clk 0:56:06]} Bh5 {[%clk 1:20:30]} 22. g4 {[%clk
0:56:20]} Bg6 {[%clk 1:20:54]} 23. Qe2 {[%clk 0:55:35]} f5 {[%clk 1:21:03]} 24.
Nh2 {[%clk 0:45:02]} Nh7 {[%clk 1:16:16]} 25. Kh1 {[%clk 0:39:23]} Rf8 {[%clk
1:14:31]} 26. Rg1 {[%clk 0:26:44]} Kh8 {[%clk 1:11:34]} 27. Qf1 {[%clk 0:22:11]}
Bg5 {[%clk 0:49:04]} 28. Bxg5 {[%clk 0:17:42]} Nxg5 {[%clk 0:45:45]} 29. a6
{[%clk 0:16:40]} bxa6 {[%clk 0:45:55]} 30. bxa6 {[%clk 0:16:50]} fxg4 {[%clk
0:45:15]} 31. Rxg4 {[%clk 0:15:15]} Bf5 {[%clk 0:38:39]} 32. Rg3 {[%clk 0:14:02]}
e4 {[%clk 0:31:53]} 33. Qg2 {[%clk 0:06:34]} Qb6 {[%clk 0:28:58]} 34. h4 {[%clk
0:04:01]} Qxb3 {[%clk 0:26:43]} 35. hxg5 {[%clk 0:04:19]} exd3 {[%clk 0:26:26]}
36. gxh6 {[%clk 0:04:19]} g6 {[%clk 0:26:49]} 37. Qf1 {[%clk 0:02:27]} Qxd5+
{[%clk 0:27:12]} 38. Kg1 {[%clk 0:02:40]} Rfe8 {[%clk 0:26:31]} 39. Qc1 {[%clk
0:02:28]} Kh7 {[%clk 0:24:46]} 40. Nf1 {[%clk 0:31:49]} Be4 {[%clk 0:52:56]} 41.
Qc3 {[%clk 0:17:11]} Qe5 {[%clk 0:51:58]} 42. Qa5 {[%clk 0:14:33]} Re7 {[%clk
0:51:20]} 43. Re3 {[%clk 0:13:39]} c4 {[%clk 0:50:16]} 44. f3 {[%clk 0:12:33]}
Qd4 {[%clk 0:40:53]} 45. fxe4 {[%clk 0:09:37]} Rxe4 {[%clk 0:41:03]} 46. Qc7+
{[%clk 0:08:59]} Kxh6 {[%clk 0:41:07]} 47. Qb7 {[%clk 0:02:21]} Rxe3 {[%clk
0:40:01]} 48. Nxe3 {[%clk 0:00:45]} Qxe3+ {[%clk 0:40:09]} 49. Kg2 {[%clk
0:00:36]} Qe2+ {[%clk 0:40:11]} 50. Kg1 {[%clk 0:00:40]} Qg4+ {[%clk 0:39:08]}
51. Kh1 {[%clk 0:00:40]} Rh8 {[%clk 0:39:03]} 52. Qe7 {[%clk 0:00:34]} d2 {[%clk
0:37:49]} 53. a7 {[%clk 0:00:34]} d1Q+ {[%clk 0:37:42]} 54. Rxd1 {[%clk 0:00:41]}
Qxd1+ {[%clk 0:38:10]} 55. Kg2 {[%clk 0:00:32]} Qg4+ {[%clk 0:37:46]} 56. Kf1
{[%clk 0:00:36]} Qf5+ {[%clk 0:38:00]} 57. Kg2 {[%clk 0:00:45]} Qg5+ {[%clk
0:38:25]} 0-1

[Event "Baku Chess Olympiad | Open"]
[Site "chess24.com"]
[Date "2016.09.12"]
[Round "10"]
[White "Kirby, Peter J."]
[Black "Wojciechowski, Paul"]
[Result "1/2-1/2"]
[Board "1"]
[WhiteID "409014"]
[WhiteElo "2014"]
[WhiteTitle "CM"]
[WhiteCountry "GCI"]
[WhiteFideId "409014"]
[WhiteEloChange "-1"]
[BlackID "15600017"]
[BlackElo "1992"]
[BlackTitle "CM"]
[BlackCountry "JCI"]
[BlackFideId "15600017"]
[BlackEloChange "1"]

1. c4 {[%clk 1:30:57]} e5 {[%clk 1:30:54]} 2. Nc3 {[%clk 1:31:21]} Bb4 {[%clk
1:31:11]} 3. g3 {[%clk 1:31:10]} Nf6 {[%clk 1:28:42]} 4. Bg2 {[%clk 1:30:47]} O-O
{[%clk 1:26:22]} 5. Nf3 {[%clk 1:26:49]} Nc6 {[%clk 1:17:45]} 6. O-O {[%clk
1:26:38]} d6 {[%clk 1:11:29]} 7. d3 {[%clk 1:22:43]} h6 {[%clk 1:03:22]} 8. Bd2
{[%clk 1:22:20]} a6 {[%clk 0:54:04]} 9. a3 {[%clk 1:19:32]} Bc5 {[%clk 0:49:48]}
10. b4 {[%clk 1:16:36]} Ba7 {[%clk 0:50:07]} 11. Rb1 {[%clk 1:11:53]} Re8 {[%clk
0:40:54]} 12. Ne1 {[%clk 1:07:54]} Nd4 {[%clk 0:30:27]} 13. e3 {[%clk 1:06:05]}
Ne6 {[%clk 0:29:28]} 14. Nc2 {[%clk 1:03:32]} Ng5 {[%clk 0:28:54]} 15. Qe2 {[%clk
0:57:56]} Bh3 {[%clk 0:26:41]} 16. Nd5 {[%clk 0:51:45]} Nxd5 {[%clk 0:21:09]} 17.
cxd5 {[%clk 0:52:13]} e4 {[%clk 0:16:41]} 18. Bxh3 {[%clk 0:45:10]} Nxh3+ {[%clk
0:16:15]} 19. Kg2 {[%clk 0:45:39]} Ng5 {[%clk 0:15:56]} 20. dxe4 {[%clk 0:44:35]}
Nxe4 {[%clk 0:15:41]} 21. Rbd1 {[%clk 0:40:53]} Qg5 {[%clk 0:12:12]} 22. f3
{[%clk 0:39:14]} Nxd2 {[%clk 0:12:29]} 23. Qxd2 {[%clk 0:37:42]} Bxe3 {[%clk
0:12:36]} 24. Qd3 {[%clk 0:37:08]} Bb6 {[%clk 0:11:52]} 25. Rfe1 {[%clk 0:35:08]}
Qf6 {[%clk 0:10:19]} 26. Re4 {[%clk 0:34:45]} Rxe4 {[%clk 0:09:30]} 27. Qxe4
{[%clk 0:34:40]} Qe5 {[%clk 0:07:30]} 28. Qd3 {[%clk 0:34:47]} Qf6 {[%clk
0:07:25]} 29. Re1 {[%clk 0:34:10]} g6 {[%clk 0:07:27]} 30. Re4 {[%clk 0:31:53]}
a5 {[%clk 0:05:38]} 31. b5 {[%clk 0:31:58]} 1/2-1/2

[Event "Baku Chess Olympiad | Open"]
[Site "chess24.com"]
[Date "2016.09.12"]
[Round "10"]
[White "Belzo, Krzysztof"]
[Black "Rowe, Peter"]
[Result "1/2-1/2"]
[Board "2"]
[WhiteID "1126768"]
[WhiteElo "2044"]
[WhiteTitle "CM"]
[WhiteCountry "JCI"]
[WhiteFideId "1126768"]
[WhiteEloChange "-2"]
[BlackID "10700099"]
[BlackElo "1966"]
[BlackTitle "CM"]
[BlackCountry "GCI"]
[BlackFideId "10700099"]
[BlackEloChange "2"]

1. c4 {[%clk 1:30:57]} d6 {[%clk 1:30:48]} 2. g3 {[%clk 1:31:16]} e5 {[%clk
1:30:52]} 3. Bg2 {[%clk 1:31:34]} f5 {[%clk 1:30:45]} 4. Nc3 {[%clk 1:31:59]} Nf6
{[%clk 1:30:59]} 5. d3 {[%clk 1:32:15]} Be7 {[%clk 1:31:06]} 6. e4 {[%clk
1:32:18]} c6 {[%clk 1:31:15]} 7. Nge2 {[%clk 1:31:55]} O-O {[%clk 1:31:01]} 8. h3
{[%clk 1:25:31]} fxe4 {[%clk 1:30:07]} 9. Nxe4 {[%clk 1:25:22]} Nxe4 {[%clk
1:28:48]} 10. dxe4 {[%clk 1:25:35]} Be6 {[%clk 1:27:55]} 11. b3 {[%clk 1:25:55]}
Na6 {[%clk 1:21:34]} 12. O-O {[%clk 1:25:01]} Qd7 {[%clk 1:18:52]} 13. Kh2 {[%clk
1:24:19]} Rad8 {[%clk 1:18:01]} 14. Be3 {[%clk 1:21:19]} b6 {[%clk 1:14:39]} 15.
f4 {[%clk 1:19:11]} exf4 {[%clk 1:13:02]} 16. gxf4 {[%clk 1:18:58]} Qc8 {[%clk
1:00:18]} 17. Qd2 {[%clk 1:11:36]} Nc7 {[%clk 0:58:34]} 18. Rac1 {[%clk 0:59:26]}
Kh8 {[%clk 0:41:30]} 19. Nd4 {[%clk 0:48:54]} Bd7 {[%clk 0:36:45]} 20. Rf3 {[%clk
0:40:28]} Ne8 {[%clk 0:29:17]} 21. Rf2 {[%clk 0:32:46]} Nf6 {[%clk 0:23:45]} 22.
f5 {[%clk 0:30:32]} c5 {[%clk 0:22:16]} 23. Ne2 {[%clk 0:27:06]} Bc6 {[%clk
0:21:47]} 24. Nc3 {[%clk 0:23:10]} Qb7 {[%clk 0:18:57]} 25. Qd3 {[%clk 0:22:22]}
Nd7 {[%clk 0:18:20]} 26. Bf4 {[%clk 0:20:19]} Ne5 {[%clk 0:16:06]} 27. Qg3 {[%clk
0:19:12]} Bf6 {[%clk 0:15:08]} 28. Rd1 {[%clk 0:19:00]} Qe7 {[%clk 0:13:59]} 29.
Rfd2 {[%clk 0:18:15]} Rd7 {[%clk 0:12:09]} 30. Kh1 {[%clk 0:17:21]} Rfd8 {[%clk
0:10:07]} 1/2-1/2

[Event "Baku Chess Olympiad | Open"]
[Site "chess24.com"]
[Date "2016.09.12"]
[Round "10"]
[White "Brookfield, Toby"]
[Black "Forbes, Garry"]
[Result "1-0"]
[Board "3"]
[WhiteID "10700234"]
[WhiteElo "1909"]
[WhiteTitle "CM"]
[WhiteCountry "GCI"]
[WhiteFideId "10700234"]
[WhiteEloChange "10"]
[BlackID "10700331"]
[BlackElo "1911"]
[BlackTitle "CM"]
[BlackCountry "JCI"]
[BlackFideId "10700331"]
[BlackEloChange "-10"]

1. e4 {[%clk 1:30:53]} d6 {[%clk 1:30:58]} 2. Nc3 {[%clk 1:30:53]} Nf6 {[%clk
1:31:13]} 3. f4 {[%clk 1:30:19]} c5 {[%clk 1:30:56]} 4. Nf3 {[%clk 1:30:16]} Nc6
{[%clk 1:31:20]} 5. Be2 {[%clk 1:29:23]} g6 {[%clk 1:28:51]} 6. d3 {[%clk
1:28:48]} Bg7 {[%clk 1:29:16]} 7. O-O {[%clk 1:29:11]} O-O {[%clk 1:29:44]} 8.
Qe1 {[%clk 1:28:48]} Bg4 {[%clk 1:18:59]} 9. Qh4 {[%clk 1:27:02]} Bxf3 {[%clk
1:18:25]} 10. Bxf3 {[%clk 1:26:32]} Nd4 {[%clk 1:17:07]} 11. Bd1 {[%clk 1:26:43]}
Rb8 {[%clk 1:00:19]} 12. Ne2 {[%clk 1:25:58]} Nc6 {[%clk 0:57:07]} 13. g4 {[%clk
1:08:57]} d5 {[%clk 0:35:57]} 14. e5 {[%clk 1:04:31]} Ne8 {[%clk 0:36:18]} 15.
Rf3 {[%clk 0:55:32]} e6 {[%clk 0:25:39]} 16. g5 {[%clk 0:55:39]} h5 {[%clk
0:22:22]} 17. Rh3 {[%clk 0:55:26]} f5 {[%clk 0:14:48]} 18. gxf6 {[%clk 0:52:46]}
Nxf6 {[%clk 0:15:15]} 19. exf6 {[%clk 0:51:45]} Bxf6 {[%clk 0:15:44]} 20. Qg3
{[%clk 0:47:25]} Kf7 {[%clk 0:16:13]} 21. Nc3 {[%clk 0:45:02]} Ne7 {[%clk
0:16:06]} 22. Rxh5 {[%clk 0:35:42]} gxh5 {[%clk 0:10:33]} 23. Bxh5+ {[%clk
0:35:58]} Ng6 {[%clk 0:11:02]} 24. Qxg6+ {[%clk 0:35:12]} Ke7 {[%clk 0:11:31]}
25. Kh1 {[%clk 0:32:48]} Rg8 {[%clk 0:08:48]} 26. Qf7+ {[%clk 0:32:00]} Kd6
{[%clk 0:09:17]} 27. Nb5+ {[%clk 0:30:01]} Kc6 {[%clk 0:08:25]} 28. Qxe6+ {[%clk
0:29:38]} Kxb5 {[%clk 0:08:53]} 29. a4+ {[%clk 0:29:54]} Kb4 {[%clk 0:08:52]} 30.
Bd2+ {[%clk 0:29:54]} Bc3 {[%clk 0:09:14]} 31. Bxc3# {[%clk 0:29:54]} 1-0

[Event "Baku Chess Olympiad | Open"]
[Site "chess24.com"]
[Date "2016.09.12"]
[Round "10"]
[White "Kahn, Tito"]
[Black "Bateman, Kerry"]
[Result "1-0"]
[Board "4"]
[WhiteID "15600084"]
[WhiteElo "1880"]
[WhiteCountry "JCI"]
[WhiteFideId "15600084"]
[WhiteEloChange "7"]
[BlackID "10700200"]
[BlackElo "1785"]
[BlackCountry "GCI"]
[BlackFideId "10700200"]
[BlackEloChange "-7"]

1. Nf3 {[%clk 0:23:21]} Nf6 {[%clk 1:29:38]} 2. c4 {[%clk 1:31:03]} e6 {[%clk
1:29:20]} 3. Nc3 {[%clk 1:30:48]} c5 {[%clk 1:27:13]} 4. d4 {[%clk 1:30:30]} d5
{[%clk 1:24:40]} 5. cxd5 {[%clk 1:27:33]} exd5 {[%clk 1:24:40]} 6. g3 {[%clk
1:27:45]} b6 {[%clk 1:18:21]} 7. Bg2 {[%clk 1:27:17]} Bb7 {[%clk 1:17:59]} 8. O-O
{[%clk 1:23:47]} Be7 {[%clk 1:14:21]} 9. dxc5 {[%clk 1:21:18]} bxc5 {[%clk
1:12:54]} 10. Qc2 {[%clk 1:19:14]} O-O {[%clk 1:09:56]} 11. Rd1 {[%clk 1:19:36]}
Qc7 {[%clk 1:05:17]} 12. Bf4 {[%clk 1:19:46]} Qb6 {[%clk 0:59:10]} 13. Na4 {[%clk
1:19:41]} Qa5 {[%clk 0:56:54]} 14. Bd2 {[%clk 1:18:38]} Qc7 {[%clk 0:52:16]} 15.
Rac1 {[%clk 1:16:42]} Na6 {[%clk 0:49:12]} 16. Nd4 {[%clk 1:14:01]} Qe5 {[%clk
0:42:18]} 17. Nf5 {[%clk 1:11:50]} Rac8 {[%clk 0:39:44]} 18. Nxe7+ {[%clk
1:11:50]} Qxe7 {[%clk 0:39:44]} 19. Bh3 {[%clk 1:06:20]} Rc6 {[%clk 0:36:11]} 20.
Qb3 {[%clk 0:52:31]} Ne4 {[%clk 0:30:28]} 21. f3 {[%clk 0:48:13]} Nxd2 {[%clk
0:29:13]} 22. Rxd2 {[%clk 0:48:25]} c4 {[%clk 0:28:10]} 23. Qd1 {[%clk 0:45:31]}
Qe3+ {[%clk 0:26:44]} 24. Kh1 {[%clk 0:42:30]} Rh6 {[%clk 0:24:25]} 25. Bg2
{[%clk 0:39:40]} Re8 {[%clk 0:24:04]} 26. Nc3 {[%clk 0:36:42]} Nc7 {[%clk
0:22:31]} 27. Qe1 {[%clk 0:32:42]} Re5 {[%clk 0:17:59]} 28. Nd1 {[%clk 0:28:16]}
Qb6 {[%clk 0:16:25]} 29. Nf2 {[%clk 0:27:47]} f5 {[%clk 0:12:42]} 30. e4 {[%clk
0:26:20]} Qg6 {[%clk 0:11:59]} 31. Kg1 {[%clk 0:22:46]} Ne6 {[%clk 0:10:54]} 32.
f4 {[%clk 0:21:30]} Rxe4 {[%clk 0:05:28]} 33. Nxe4 {[%clk 0:21:52]} Qh5 {[%clk
0:05:19]} 34. Nd6 {[%clk 0:12:39]} Qxh2+ {[%clk 0:05:08]} 35. Kf1 {[%clk
0:12:17]} Ba6 {[%clk 0:03:50]} 36. Rc3 {[%clk 0:11:54]} Qh5 {[%clk 0:02:15]} 37.
Bxd5 {[%clk 0:11:30]} Kf8 {[%clk 0:02:17]} 38. Qe2 {[%clk 0:09:14]} Qh3+ {[%clk
0:01:04]} 39. Qg2 {[%clk 0:09:30]} Qh5 {[%clk 0:01:18]} 40. Bxe6 {[%clk 0:39:31]}
Rxe6 {[%clk 0:31:03]} 41. Qa8+ {[%clk 0:36:07]} Ke7 {[%clk 0:30:18]} 42. Qxa7+
{[%clk 0:36:20]} Kf6 {[%clk 0:29:59]} 43. Qd4+ {[%clk 0:36:30]} Kg6 {[%clk
0:29:31]} 44. Kg2 {[%clk 0:36:33]} 1-0

[Event "Baku Chess Olympiad | Open"]
[Site "chess24.com"]
[Date "2016.09.12"]
[Round "10"]
[White "Cupid, Kevin"]
[Black "Yahi Mohamed Salem"]
[Result "1-0"]
[Board "1"]
[WhiteID "7700512"]
[WhiteElo "2166"]
[WhiteTitle "FM"]
[WhiteCountry "TTO"]
[WhiteFideId "7700512"]
[WhiteEloChange "3"]
[BlackID "19600160"]
[BlackElo "1852"]
[BlackTitle "CM"]
[BlackCountry "MTN"]
[BlackFideId "19600160"]
[BlackEloChange "-3"]

1. d4 {[%clk 1:30:58]} d5 {[%clk 1:30:49]} 2. c4 {[%clk 1:31:17]} e6 {[%clk
1:31:05]} 3. Nf3 {[%clk 1:30:44]} Nf6 {[%clk 1:30:41]} 4. Nc3 {[%clk 1:26:06]} c6
{[%clk 1:30:59]} 5. cxd5 {[%clk 1:22:14]} exd5 {[%clk 1:31:05]} 6. Qc2 {[%clk
1:22:33]} Be7 {[%clk 1:29:15]} 7. Bf4 {[%clk 1:22:22]} Nbd7 {[%clk 1:29:18]} 8.
e3 {[%clk 1:22:50]} O-O {[%clk 1:29:14]} 9. Bd3 {[%clk 1:23:15]} Re8 {[%clk
1:29:05]} 10. O-O {[%clk 1:23:41]} Nf8 {[%clk 1:28:39]} 11. Ne5 {[%clk 1:23:38]}
Bd6 {[%clk 1:26:15]} 12. h3 {[%clk 1:15:07]} Nh5 {[%clk 1:22:42]} 13. Bh2 {[%clk
1:15:36]} Bxe5 {[%clk 1:20:42]} 14. dxe5 {[%clk 1:15:00]} g6 {[%clk 1:17:45]} 15.
f4 {[%clk 1:10:52]} Ng7 {[%clk 1:17:03]} 16. g4 {[%clk 1:10:55]} d4 {[%clk
1:16:37]} 17. Ne4 {[%clk 1:11:12]} Re7 {[%clk 1:14:46]} 18. Bg3 {[%clk 1:09:46]}
h6 {[%clk 1:06:20]} 19. f5 {[%clk 1:09:36]} Bxf5 {[%clk 1:04:51]} 20. gxf5 {[%clk
1:10:01]} Nxf5 {[%clk 1:04:59]} 21. Nf6+ {[%clk 1:08:27]} Kh8 {[%clk 1:04:55]}
22. Bxf5 {[%clk 1:08:36]} gxf5 {[%clk 1:03:21]} 23. Qxf5 {[%clk 1:09:04]} Ng6
{[%clk 1:03:18]} 24. Qh5 {[%clk 1:08:35]} Qf8 {[%clk 1:03:02]} 25. exd4 {[%clk
1:08:59]} Rd8 {[%clk 1:02:02]} 26. Rad1 {[%clk 1:09:26]} Qg7 {[%clk 1:01:15]} 27.
Ng4 {[%clk 1:09:51]} Kh7 {[%clk 1:00:16]} 28. Rf6 {[%clk 1:09:51]} Rd5 {[%clk
0:57:19]} 29. Kh2 {[%clk 1:09:15]} c5 {[%clk 0:56:13]} 30. Rdf1 {[%clk 1:08:47]}
Rxd4 {[%clk 0:51:38]} 31. Rxf7 {[%clk 1:07:48]} Rxf7 {[%clk 0:47:17]} 32. Rxf7
{[%clk 1:08:15]} Rd2+ {[%clk 0:47:40]} 33. Bf2 {[%clk 1:07:19]} Qxf7 {[%clk
0:43:57]} 34. Qxh6+ {[%clk 1:07:45]} Kg8 {[%clk 0:44:13]} 35. Qxd2 {[%clk
1:08:12]} b6 {[%clk 0:42:28]} 36. Nh6+ {[%clk 1:08:39]} 1-0

[Event "Baku Chess Olympiad | Open"]
[Site "chess24.com"]
[Date "2016.09.12"]
[Round "10"]
[White "Sabar Ethmane Daouda"]
[Black "Winter Atwell, Adrian"]
[Result "1-0"]
[Board "2"]
[WhiteID "19600097"]
[WhiteElo "2063"]
[WhiteTitle "CM"]
[WhiteCountry "MTN"]
[WhiteFideId "19600097"]
[WhiteEloChange "13"]
[BlackID "7700750"]
[BlackElo "2158"]
[BlackTitle "FM"]
[BlackCountry "TTO"]
[BlackFideId "7700750"]
[BlackEloChange "-13"]

1. e4 {[%clk 1:30:56]} e5 {[%clk 1:30:49]} 2. Nf3 {[%clk 1:31:20]} Nc6 {[%clk
1:31:04]} 3. d4 {[%clk 1:31:44]} exd4 {[%clk 1:31:27]} 4. Nxd4 {[%clk 1:32:07]}
Nf6 {[%clk 1:31:43]} 5. Nxc6 {[%clk 1:32:28]} bxc6 {[%clk 1:31:59]} 6. e5 {[%clk
1:32:52]} Qe7 {[%clk 1:32:18]} 7. Qe2 {[%clk 1:33:16]} Nd5 {[%clk 1:32:33]} 8. c4
{[%clk 1:33:40]} Nb6 {[%clk 1:32:55]} 9. Nc3 {[%clk 1:34:03]} Qe6 {[%clk
1:32:35]} 10. Qe4 {[%clk 1:34:26]} g6 {[%clk 1:32:23]} 11. f4 {[%clk 1:27:52]}
Bg7 {[%clk 1:31:31]} 12. Bd3 {[%clk 1:20:15]} O-O {[%clk 1:31:25]} 13. O-O {[%clk
1:20:21]} Ba6 {[%clk 1:28:28]} 14. b3 {[%clk 1:18:52]} d5 {[%clk 1:28:34]} 15.
cxd5 {[%clk 1:15:01]} cxd5 {[%clk 1:28:23]} 16. Qe2 {[%clk 1:15:08]} Bxd3 {[%clk
1:28:17]} 17. Qxd3 {[%clk 1:15:31]} f6 {[%clk 1:26:36]} 18. Nb5 {[%clk 1:14:09]}
fxe5 {[%clk 1:23:55]} 19. Nxc7 {[%clk 1:14:10]} e4 {[%clk 1:24:06]} 20. Nxe6
{[%clk 1:13:31]} exd3 {[%clk 1:24:20]} 21. Nxg7 {[%clk 1:13:30]} Kxg7 {[%clk
1:24:08]} 22. Bb2+ {[%clk 1:13:43]} Kg8 {[%clk 1:23:36]} 23. Rad1 {[%clk
1:12:44]} Rac8 {[%clk 1:23:44]} 24. Rxd3 {[%clk 1:10:36]} Rc2 {[%clk 1:23:52]}
25. Bd4 {[%clk 1:10:08]} Re8 {[%clk 1:21:02]} 26. f5 {[%clk 1:07:11]} g5 {[%clk
1:18:24]} 27. Rg3 {[%clk 1:02:29]} Kf7 {[%clk 1:08:13]} 28. Rxg5 {[%clk 1:02:13]}
Rg8 {[%clk 1:08:30]} 29. Rxg8 {[%clk 0:58:01]} Kxg8 {[%clk 1:08:59]} 30. Bxb6
{[%clk 0:57:44]} axb6 {[%clk 1:09:19]} 31. Rd1 {[%clk 0:58:09]} Rc5 {[%clk
1:09:09]} 32. Kf2 {[%clk 0:57:54]} Kf7 {[%clk 1:08:52]} 33. Kf3 {[%clk 0:58:22]}
Kf6 {[%clk 1:08:48]} 34. Kf4 {[%clk 0:58:42]} Rc2 {[%clk 1:05:19]} 35. g4 {[%clk
0:56:06]} Rxh2 {[%clk 1:03:04]} 36. g5+ {[%clk 0:51:04]} Kf7 {[%clk 1:03:13]} 37.
Rxd5 {[%clk 0:51:03]} Rf2+ {[%clk 1:03:31]} 38. Ke5 {[%clk 0:50:18]} Re2+ {[%clk
1:03:54]} 39. Kd4 {[%clk 0:49:15]} Rxa2 {[%clk 1:03:48]} 40. Rd7+ {[%clk
1:19:27]} Kg8 {[%clk 1:33:55]} 41. Ke5 {[%clk 1:19:31]} Ra6 {[%clk 1:33:24]} 42.
Rb7 {[%clk 1:19:09]} Kh8 {[%clk 1:31:16]} 43. b4 {[%clk 1:17:23]} 1-0